| 000 | 00888nam a2200193 a 4500 | ||
|---|---|---|---|
| 008 | 120924s2012 ||||||||||||||||| || u | ||
| 020 | _a9782869784956 | ||
| 050 | _aJF 1900 POW | ||
| 100 | _aBekker, Simon | ||
| 245 | 1 | 0 |
_aPower and powerlessness: capital cities in Africa _cedited by Simon Bekker and Goram Therborn |
| 260 |
_aDakar: _bCouncil for the Development of Social Research in Africa (CODESRIA) _c2012 |
||
| 300 | _axxviii, 220p.: ill. | ||
| 650 | _aPOWER (SOCIAL SCIENCES)--AFRICA, SUB-SAHARAN--CONGRESSES | ||
| 650 | _aCAPITALS (CITIES)--AFRICA, SUB-SAHARAN--CONGRESSES | ||
| 650 | _aAFRICA--COLONIAL INFLUENCE--CONGRESSES | ||
| 650 | _aURBANIZATION--AFRICA, SUB-SAHARAN--CONGRESSES | ||
| 700 | _aGoran, Therborn | ||
| 995 |
_FCBU-MAIN LIBRARY (Kitwe) _M1 _UAVAILABLE _WJan 7, 2013 _ZMain Library Open Access Collection |
||
| 999 |
_c54157 _d54157 |
||